Language Quiz

Random Language Quiz

Etymologies 1 Quiz Stats

 Plays Quiz not verified by Sporcle

Score 0/18 Timer 05:00
0 Plays Today
Word Language % Correct
imperviousLatin
93.5%
gestaltGerman
89.6%
origamiJapanese
88.3%
croissantFrench
85.7%
saunaFinnish
67.5%
kiwiMaori
62.3%
safariSwahili
59.7%
cwmWelsh
59.7%
alchemyArabic
51.9%
Word Language % Correct
bansheeGaelic
46.8%
avatarSanskrit
42.9%
ombudsmanSwedish
40.3%
schoolGreek
39%
boozeDutch
27.3%
molassesSpanish
24.7%
tabooHawaiian
23.4%
lemmingNorwegian
22.1%
cootiesMalay
11.7%

You're not logged in!

Compare scores with friends on all Sporcle quizzes.
OR
Log In

Show Comments

Extras

Created Oct 28, 2010SourceReportNominate
Tags:etymology

Top Quizzes Today


Score Distribution

Your Account Isn't Verified!

In order to create a playlist on Sporcle, you need to verify the email address you used during registration. Go to your Sporcle Settings to finish the process.

Report this User

Report this user for behavior that violates our Community Guidelines.

Details: